000 00255nmm a2200085Ia 4500
008 220120s9999||||xx |||||||||||||||||und||
100 _aDigit
245 0 _aApril 2011 : Gragon age 2, muvizu design tools, full games,
260 _aNine dot nine interactive ltd.
999 _c139670
_d139670